Marie Curie 1867-1934

Bibliographic Details
Other Authors: Nur Ain Hafiza Mat Jusoh, translator
Format: Book
Published: Kuala Lumpur : Institut Terjemahan & Buku Malaysia 2015
Series:RIWAYAT HIDUP tokoh terkenal hasil kerja & kesungguhan mereka
Subjects:

MARC

LEADER 00000cam a2200000 7i4500
001 0000118080
005 20160329.0
008 160217t20152011my o g h a000 0bbm
020 |a 9789674307684 
040
090 0 0 |a 540.92   |b MAR 
245 1 0 |a Marie Curie 1867-1934   |c Penterjemah Nur Ain Hafiza Mat Jusoh 
246 0 0 |a Translation of   |a Illustrious lives   |b Marie Curie 
264 3 1 |a Kuala Lumpur :   |b Institut Terjemahan & Buku Malaysia   |c 2015 
300 |a 24 pages :   |b colour photographs ;   |c 23 cm. 
336 |a text, rdacontent 
337 |a unmediated  |2 rdamedia 
338 |a volume  |2 rdacarrier 
490 1 |a RIWAYAT HIDUP tokoh terkenal hasil kerja & kesungguhan mereka 
650 0 0 |a Chemist   |z Poland   |x Biography 
650 0 0 |a Curie, Marie, 1867-1934 
700 1 |a Nur Ain Hafiza Mat Jusoh, translator 
999 |a 0000379993   |b Buku   |c Rak Terbuka   |e Perbadanan Perpustakaan Awam Melaka 
999 |a 0000379994   |b Buku   |c Rak Terbuka   |e Perbadanan Perpustakaan Awam Melaka 
999 |a 0000379995   |b Buku   |c Rak Terbuka   |e Perbadanan Perpustakaan Awam Melaka 
999 |a 0000379996   |b Buku   |c Rak Terbuka   |e Perpustakaan Cawangan Jasin 
999 |a 0000379997   |b Buku   |c Rak Terbuka   |e Perpustakaan Cawangan Masjid Tanah 
999 |a 0000379998   |b Buku   |c Rak Terbuka   |e Perpustakaan Cawangan Merlimau 
999 |a 0000379999   |b Buku   |c Rak Terbuka   |e Perbadanan Perpustakaan Awam Melaka 
999 |a 0000380000   |b Buku   |c Rak Terbuka   |e Perbadanan Perpustakaan Awam Melaka 
999 |a 0000380001   |b Buku   |c Rak Terbuka   |e Perbadanan Perpustakaan Awam Melaka 
999 |a 0000380002   |b Buku   |c Rak Terbuka   |e PERPUSTAKAAN PENJARA SUNGAI UDANG 
999 |a 0000380003   |b Buku   |c Rak Terbuka   |e Perbadanan Perpustakaan Awam Melaka 
999 |a 0000380004   |b Buku   |c Rak Terbuka   |e Perbadanan Perpustakaan Awam Melaka 
999 |a 0000380005   |b Buku   |c Rak Terbuka   |e Perbadanan Perpustakaan Awam Melaka 
999 |a 0000380006   |b Buku   |c Rak Terbuka   |e Perbadanan Perpustakaan Awam Melaka 
999 |a 0000380007   |b Buku   |c Rak Terbuka   |e Perbadanan Perpustakaan Awam Melaka 
999 |a 0000380008   |b Buku   |c Rak Terbuka   |e Perbadanan Perpustakaan Awam Melaka 
999 |a 0000380009   |b Buku   |c Rak Terbuka   |e Perbadanan Perpustakaan Awam Melaka 
999 |a 0000380010   |b Buku   |c Rak Terbuka   |e Perbadanan Perpustakaan Awam Melaka 
999 |a 0000380011   |b Buku   |c Rak Terbuka   |e Perbadanan Perpustakaan Awam Melaka 
999 |a 0000380012   |b Buku   |c Rak Terbuka   |e Perbadanan Perpustakaan Awam Melaka 
999 |a 0000380013   |b Buku   |c Rak Terbuka   |e Perbadanan Perpustakaan Awam Melaka 
999 |a 0000380014   |b Buku   |c Rak Terbuka   |e Perbadanan Perpustakaan Awam Melaka 
999 |a 0000380015   |b Buku   |c Rak Terbuka   |e Perbadanan Perpustakaan Awam Melaka 
999 |a 0000380016   |b Buku   |c Rak Terbuka   |e Perbadanan Perpustakaan Awam Melaka 
999 |a 0000380017   |b Buku   |c Rak Terbuka   |e Perbadanan Perpustakaan Awam Melaka 
999 |a 0000380018   |b Buku   |c Rak Terbuka   |e Perbadanan Perpustakaan Awam Melaka 
999 |a 0000380019   |b Buku   |c Rak Terbuka   |e Perbadanan Perpustakaan Awam Melaka 
999 |a 0000380020   |b Buku   |c Rak Terbuka   |e Perbadanan Perpustakaan Awam Melaka 
999 |a 0000380021   |b Buku   |c Rak Terbuka   |e Perbadanan Perpustakaan Awam Melaka 
999 |a 0000380022   |b Buku   |c Rak Terbuka   |e Perbadanan Perpustakaan Awam Melaka 
999 |a 0000380023   |b Buku   |c Rak Terbuka   |e Perbadanan Perpustakaan Awam Melaka 
999 |a 0000380024   |b Buku   |c Rak Terbuka   |e Perbadanan Perpustakaan Awam Melaka 
999 |a 0000380025   |b Buku   |c Rak Terbuka   |e Perbadanan Perpustakaan Awam Melaka 
999 |a 0000380026   |b Buku   |c Rak Terbuka   |e Perbadanan Perpustakaan Awam Melaka 
999 |a 0000380027   |b Buku   |c Rak Terbuka   |e Perbadanan Perpustakaan Awam Melaka 
999 |a 0000380028   |b Buku   |c Rak Terbuka   |e Perbadanan Perpustakaan Awam Melaka 
999 |a 0000380029   |b Buku   |c Rak Terbuka   |e PK Aeon Jaya Jusco 
999 |a 0000380030   |b Buku   |c Rak Terbuka   |e PK Melaka Mall 
999 |a 0000380031   |b Buku   |c Rak Terbuka   |e Perbadanan Perpustakaan Awam Melaka 
999 |a 0000380032   |b Buku   |c Rak Terbuka   |e Perbadanan Perpustakaan Awam Melaka 
999 |a 0000380033   |b Buku   |c Rak Terbuka   |e Perpustakaan Komuniti UTC Melaka